000 00299nam a22001337a 4500
020 _a81-7826-181-2
082 _a823
_bSECO/B
245 _aBLACK BEAUTY
_bSHORT STORIES
246 _aBLACK BEAUTY
_bSHORT STORIES
250 _a2003
260 _aDELHI
_bROHAN BOOK COMPANY
300 _a222
942 _cBK
999 _c253
_d253